Scientists : Who changed history

Bibliographic Details
Format: Book
Published: New York, NY : DK Publishing 2019
Subjects:

MARC

LEADER 00000cam a2200000 7i4500
001 0000093102
005 20231127143911.0
020 |a 9781465482488 (  |q (paperback)) 
040 |e rda 
041 |a English 
090 0 0 |a 509.22   |b SCI 
245 1 0 |a Scientists :   |b Who changed history 
264 1 |a New York, NY :   |b DK Publishing   |c 2019 
300 |a 320 pages :   |b color illustrations ;   |c 24 cm. 
336 |a text  |2 rdacontent 
337 |a unmediated  |2 rdamedia 
338 |a volume  |2 rdacarrier 
541 |c Purchased on 2023   |f 083/23 IMS   |h RM125.00 
650 0 |a Scientist   |x Biography   |x Juvenile literature 
650 0 |a Scientist   |x Portraits 
730 0 |a Title 
999 |a 0001743864   |b Book   |c Adult Collection   |e Perbadanan Perpustakaan Awam Johor 
999 |a 0001743865   |b Book   |c Adult Collection   |e Cawangan Segamat 
999 |a 0001743866   |b Book   |c Adult Collection   |e Cawangan Pontian 
999 |a 0001743867   |b Book   |c Adult Collection   |e Cawangan Tmn. Ungku Tun Aminah